=LDR 00000nam 2200000 4500 =001 INLIS000000000043615 =005 20131008103601 =008 ***********************************ind** =035 ##$$0010-101300000001537 =041 ##$$a ind =082 ##$$a 746.03 =090 ##$$a R 746.03, Mid e =100 ##$$a Midgley, Rud =245 ##$$a Ensiklopedi olah raga, Rud Midgley =260 ##$$a 1996 $b Semarang =300 ##$$a 382 hlm, ilus, 28 cm =650 ##$$a Olah raga-Ensiklopedi =850 ##$$a NBPNMAT